000 01274nam a2200289 i 4500
001 8556
003 ES-MaACL
005 20250513130021.0
008 920715s1986 sp ||||1| spa d
020 _a84-00-06405-4
080 _a9(7/8)"1492/1892"(061.1)
080 _a061.21(464.1)Ateneo
100 1 _aCalderón Quijano, José Antonio.
_933626
245 1 3 _aEl IV Centenario del Descubrimiento en la "Ilustración Española y Americana" y el Ateneo de Madrid /
_cJosé Antonio Calderón Quijano.
260 _aSevilla :
_bEscuela de Estudios Hispano-Americanos,
_c1986.
300 _aXI, 96 p. ;
_c24 cm.
530 _aDisponible en formato digital.
610 2 4 _aAteneo de Madrid.
_91875
630 3 4 _aLa Ilustración española y americana.
_9135317
651 4 _aAmérica-
_xDescubrimientos y exploraciones-
_vAniversarios y centenarios-
_vArtículos periodísticos.
_97695
710 2 _aEscuela de Estudios Hispano-Americanos (Sevilla)
_9134366
852 _aES-MaACL
_jL-15919
_cDEPO2
_zRevisado enlace: 13 de mayo de 2025
852 _aES-MaACL
_jL-16801
_cDEPO2
_zRevisado enlace:13 de mayo de 2025
856 4 _uhttp://hdl.handle.net/10334/480
_yRepositorio Abierto de la Universidad Internacional de Andalucía
942 _2udc
999 _c8556
_d8556